[Event "CUB-ch"]
[Site "Colon"]
[Date "1993.??.??"]
[Round "2"]
[White "Gonzalez Zamora, Juan Carlos"]
[Black "Hedman Senarega, Jose Antonio"]
[Result "1-0"]
[WhiteElo "2465"]
[BlackElo "2320"]
[PlyCount "83"]
[EventDate "1993.10.??"]
[EventType "swiss"]
[EventRounds "11"]
[EventCountry "CUB"]
[SourceTitle "TD"]
[Source "ChessBase"]
[SourceDate "1994.03.01"]
[SourceVersion "1"]
[SourceVersionDate "1994.03.01"]
[SourceQuality "1"]

1. Nf3 f5 2. g3 Nf6 3. Bg2 g6 4. 0-0 Bg7 5. d4 0-0 6. b3 d6 7. Bb2 Qe8 8. Nbd2 Nc6 9. Re1 e5 10. e4 f4 11. d5 Nd8 12. c4 h6 13. c5 g5 14. cxd6 cxd6 15. Nc4 Nf7 16. Ba3 Qd8 17. Qd2 Ne8 18. Rac1 Bf6 19. gxf4 gxf4 20. Kh1 Kh7 21. Rg1 Rg8 22. Bf1 Rxg1+ 23. Nxg1 Ng5 24. f3 Nf7 25. Bb4 Bg7 26. Qf2 Qg5 27. Bh3 Bxh3 28. Nxh3 Qh5 29. Qg2 Rc8 30. Rg1 Rc7 31. a4 b6 32. Bc3 Nh8 33. Nf2 Nf7 34. Ng4 Ng5 35. Bb4 Qg6 36. Be1 Nf6 37. Nxf6+ Qxf6 38. Bh4 Bf8 39. Qg4 Be7 40. Be1 h5 41. Qg2 Kh6 42. Bh4 1-0

[Event "CUB-ch"]
[Site "Colon"]
[Date "1993.??.??"]
[Round "3"]
[White "Hedman Senarega, Jose Antonio"]
[Black "Armas Gutierrez, Jorge Enrique"]
[Result "0-1"]
[WhiteElo "2320"]
[BlackElo "2455"]
[PlyCount "124"]
[EventDate "1993.10.??"]
[EventType "swiss"]
[EventRounds "11"]
[EventCountry "CUB"]
[SourceTitle "TD"]
[Source "ChessBase"]
[SourceDate "1994.03.01"]
[SourceVersion "1"]
[SourceVersionDate "1994.03.01"]
[SourceQuality "1"]

1. c4 e5 2. Nc3 d6 3. g3 Be6 4. Bg2 Nc6 5. d3 Qd7 6. h3 g6 7. b4 Bg7 8. Rb1 f5 9. b5 Nd8 10. Bd2 Ne7 11. e4 0-0 12. Qc1 a6 13. a4 axb5 14. axb5 c6 15. Nf3 Nf7 16. Ng5 Nxg5 17. Bxg5 f4 18. g4 f3 19. Bf1 d5 20. Qc2 h6 21. Bc1 dxc4 22. dxc4 cxb5 23. Nd5 bxc4 24. Nb6 Qc6 25. Bxc4 Bxc4 26. Qxc4+ Qxc4 27. Nxc4 Ra4 28. Nd2 Nc6 29. 0-0 Rf7 30. Re1 Nd4 31. Re3 Rd7 32. Kf1 Ra2 33. Rd3 Rc7 34. Nb3 Rcc2 35. Be3 Rab2 36. Rxb2 Rxb2 37. Nd2 Rc2 38. Nb3 Ne6 39. Kg1 b5 40. Kh2 b4 41. Kg3 Bf6 42. h4 Nf4 43. Rd6 Be7 44. Rd7 Kf8 45. Kxf3 Rc3 46. Nc1 Bxh4 47. Ne2 Ra3 48. Nxf4 exf4 49. Kxf4 Bg5+ 50. Ke5 Bxe3 51. fxe3 Ra5+ 52. Kd4 Rb5 53. Kc4 Rg5 54. Rh7 Rxg4 55. Rxh6 Kg7 56. Rh3 Rxe4+ 57. Kd5 Re8 58. e4 Rb8 59. Rb3 Kf6 60. e5+ Ke7 61. Kc4 Ke6 62. Rg3 Kf5 0-1

[Event "CUB-ch"]
[Site "Colon"]
[Date "1993.??.??"]
[Round "7"]
[White "Hedman Senarega, Jose Antonio"]
[Black "Lugo, Blas"]
[Result "1-0"]
[WhiteElo "2320"]
[BlackElo "2400"]
[PlyCount "78"]
[EventDate "1993.10.??"]
[EventType "swiss"]
[EventRounds "11"]
[EventCountry "CUB"]
[SourceTitle "TD"]
[Source "ChessBase"]
[SourceDate "1994.03.01"]
[SourceVersion "1"]
[SourceVersionDate "1994.03.01"]
[SourceQuality "1"]

1. d4 Nf6 2. Nf3 d5 3. c4 c6 4. Nc3 a6 5. e3 b5 6. b3 Bg4 7. Be2 e6 8. Ne5 Bxe2 9. Qxe2 Bb4 10. Bd2 bxc4 11. bxc4 c5 12. dxc5 d4 13. exd4 Qxd4 14. Nf3 Qxc5 15. 0-0 Nbd7 16. Rab1 Qa5 17. Rxb4 Qxb4 18. Nb5 Qa4 19. Nd6+ Ke7 20. Nxf7 Rhc8 21. N7e5 Nxe5 22. Nxe5 Kf8 23. Bg5 Qe8 24. Qf3 Kg8 25. Bxf6 gxf6 26. Qxf6 Rc7 27. Rd1 Qe7 28. Qh6 Rb8 29. h4 Qg7 30. Qxe6+ Kh8 31. f4 Rg8 32. Rd2 Rb7 33. Qf5 Re7 34. h5 Rf8 35. Qe4 Qg3 36. h6 Qh4 37. Rd6 Qg3 38. Ng6+ hxg6 39. Qxe7 Qxf4 1-0

[Event "CUB-ch"]
[Site "Colon"]
[Date "1993.??.??"]
[Round "4"]
[White "Ramas, Lazaro"]
[Black "Hedman Senarega, Jose Antonio"]
[Result "0-1"]
[WhiteElo "2240"]
[BlackElo "2320"]
[PlyCount "80"]
[EventDate "1993.10.??"]
[EventType "swiss"]
[EventRounds "11"]
[EventCountry "CUB"]
[SourceTitle "TD"]
[Source "ChessBase"]
[SourceDate "1994.03.01"]
[SourceVersion "1"]
[SourceVersionDate "1994.03.01"]
[SourceQuality "1"]

1. d4 Nf6 2. c4 g6 3. Nc3 Bg7 4. e4 d6 5. f3 0-0 6. Be3 c5 7. Nge2 Nc6 8. Qd2 cxd4 9. Nxd4 Bd7 10. Be2 a6 11. 0-0 Rb8 12. a4 a5 13. Ndb5 Nb4 14. Nd5 Nfxd5 15. cxd5 e6 16. Nxd6 exd5 17. exd5 Qf6 18. Nc4 Rfe8 19. Kh1 b5 20. axb5 Rxb5 21. Rxa5 Rxa5 22. Nxa5 Nxd5 23. Qxd5 Rxe3 24. Qxd7 Rxe2 25. b4 Bf8 26. Nc6 Qc3 27. Nd8 Qc4 28. Rd1 Re7 29. Qd2 Re2 30. Qd7 Bxb4 31. Nc6 Bf8 32. h3 Qc2 33. Nd8 Qa2 34. Qg4 h5 35. Qg3 h4 36. Qg4 Qc2 37. Rf1 Qd3 38. Nc6 Rc2 39. Re1 Rxc6 40. Qxh4 Qd2 0-1

[Event "Basarrate Memorial"]
[Site "Havana"]
[Date "1992.??.??"]
[Round "?"]
[White "Becerra Rivero, Julio"]
[Black "Hedman Senarega, Jose Antonio"]
[Result "1-0"]
[WhiteElo "2370"]
[BlackElo "2315"]
[PlyCount "141"]
[EventDate "1992.??.??"]
[EventType "tourn"]
[EventRounds "11"]
[EventCountry "CUB"]
[EventCategory "3"]
[SourceTitle "EXT 1999"]
[Source "ChessBase"]
[SourceDate "1998.11.16"]
[SourceVersion "1"]
[SourceVersionDate "1998.11.16"]
[SourceQuality "1"]

1. d4 e6 2. e4 d5 3. e5 c5 4. c3 Nc6 5. Nf3 Qb6 6. a3 c4 7. Be2 Bd7 8. Nbd2 Na5 9. 0-0 Ne7 10. Rb1 Ng6 11. g3 Be7 12. h4 f5 13. exf6 Bxf6 14. Re1 0-0 15. Bf1 Rae8 16. Bh3 Qd8 17. h5 Nh8 18. Ne5 Bxe5 19. dxe5 Nf7 20. Nf3 Nb3 21. Bf4 Nc5 22. Bf1 Ba4 23. Qd2 Qc7 24. Be2 a5 25. Kg2 Bc6 26. Qe3 Ba4 27. Nd4 Nb3 28. Rh1 Nxd4 29. cxd4 b5 30. Ra1 Bb3 31. Qd2 Qb6 32. g4 Nd8 33. Be3 Nc6 34. Rh3 b4 35. Rg3 Ne7 36. f4 Rc8 37. Bf2 Rc7 38. Rf3 c3 39. bxc3 bxc3 40. Rxc3 Rxc3 41. Qxc3 Rxf4 42. Rb1 a4 43. Bd1 Nc6 44. Kg3 Rf8 45. Bxb3 axb3 46. Rxb3 Qa6 47. Qd3 Qa7 48. Rc3 Na5 49. Be3 Nc4 50. Bc1 Qf7 51. Qf3 Qd7 52. Qd1 Qb7 53. h6 gxh6 54. Bxh6 Qb2 55. Rb3 Qf2+ 56. Kh3 Nb2 57. Qh1 Qc2 58. Rf3 Rxf3+ 59. Qxf3 Qd3 60. Kg3 Qxf3+ 61. Kxf3 Kf7 62. Bc1 Na4 63. Ke3 Kg6 64. Kd3 h5 65. gxh5+ Kxh5 66. Kc2 Kg4 67. Kb3 Nb6 68. a4 Kf3 69. a5 Nc8 70. Ba3 Na7 71. Bc5 1-0